| 000 | 01347nam a22002895i 4500 | ||
|---|---|---|---|
| 001 | 155845 | ||
| 003 | ES-MaACL | ||
| 005 | 20260113182942.0 | ||
| 008 | 970407m18861889sp |||| | lat d | ||
| 040 |
_aCLM _bspa _cCCPB | SIC |
||
| 080 | _a929(460=411.21)"07/14"(038) | ||
| 100 | 1 |
_aIbn al-Abbãr, Muhammad _bAbd Allãh _9128141 |
|
| 240 | 1 | 0 | _aTakmila li-kitab al-sila |
| 245 | 1 | 0 |
_aComplementum libri Assilah _b: (dictionarium biographicum) / _cab Aben Al-Abbar ; scriptum partem suae superest ad fidem codicis escurialensis arabico nunc primum edidit, indiabus additis Franciscus Codera et Zaydin. |
| 260 |
_aMatriti : _bapud Josephum de Rojas, _c1886-1889. |
||
| 300 |
_a2 v. ; _c22 cm. |
||
| 490 | 1 |
_aBibliotheca Arabigo-Hispana ; _v5- 6 |
|
| 594 | _aTexto en árabe. | ||
| 597 | _aPaginación en carácteres árabes. | ||
| 650 | 4 |
_aAndalusíes- _xBiografías- _vDiccionarios. _9147603 |
|
| 700 | 0 |
_aCodera y Zaidín, Francisco. _939416 |
|
| 830 | 0 |
_aBibliotheca Arabigo-Hispana ; _v5- 6 _9221614 |
|
| 852 |
_aES-MaACL _jG-1507-08 _z-- Enc. hol. _z-- An. ms.: donativo del Ministerio de Fomento |
||
| 856 |
_uhttp://menadoc.bibliothek.uni-halle.de/ssg/content/titleinfo/299971 _zIr a la página |
||
| 856 |
_uhttp://menadoc.bibliothek.uni-halle.de/ssg/content/titleinfo/555753 _zIr a la página |
||
| 999 |
_c155845 _d155845 |
||